| 000 | 00564nam a2200181Ia 4500 | ||
|---|---|---|---|
| 999 |
_c3569 _d3569 |
||
| 003 | GBCCL | ||
| 005 | 20241126110457.0 | ||
| 008 | 171129b xxu||||| |||| 00| 0 eng d | ||
| 040 | _cgbc | ||
| 082 |
_a248.3 _bHER |
||
| 100 |
_aHerzel, Catherine _97125 |
||
| 245 |
_aChristians at Worship: _bHelps for using the service book and hymnal in Sunday worship and at home / _cCatherine Herzel |
||
| 260 |
_bLutheran Church Press, _aPhiladelphia: _c1964 |
||
| 300 |
_a128p.; _bill., _c20 cm. |
||
| 650 |
_aWorship _9444 |
||
| 650 |
_aChristian Life _9183 |
||
| 942 |
_2ddc _cBK _04 |
||